000 00679nam a2200193Ia 4500
005 20241216011327.0
008 190429s9999||||xx |||||||||||||| ||und||
082 _a618.4
_bL92
100 _aLUCAS OLAZO MARCO ANTONIO, MEDRANO VILLANUEVA ANA CECILIA
245 0 _aANALISIS MICROBIOLOGICO DE SECRECIONES RESIDUALES POST RETIRO DE SONDA FOLEY Y SU RELACION CON LA ATENCION OBSTETRICA EN PACIENTES EN EL HOSPITAL D.A..C.PASCO FEBRERO DEL 2009
250 _a0
260 _aCERRO DE PASCO-PERU
_bUNDAC
_c2010
300 _a0 pag.
_c0 cm.
341 _h0
490 _v0
_a0
541 _aD
_bLUCAS OLAZO MARCO ANTONIO
_d11-Jul-11
_oSoles
650 _aObstetricia
942 _cTESIS
999 _c38852
_d38852